Medical pluralism in contemporary India / (Record no. 83972)

MARC details
000 -LEADER
fixed length control field 00808nam a22002417a 4500
005 - DATE AND TIME OF LATEST TRANSACTION
control field 20150916150733.0
010 ## - LCCN (DPL NO)
LC control number B-505571 ENG-113862
020 ## - INTERNATIONAL STANDARD BOOK NUMBER
International Standard Book Number 9788125045014
Terms of availability 895.00
035 ## - SYSTEM CONTROL NUMBER
System control number B-505571
035 ## - SYSTEM CONTROL NUMBER
System control number EN-97394
037 ## - SOURCE OF ACQUISITION
Stock number dpl
Source of stock number/acquisition BSB/Ven
037 ## - SOURCE OF ACQUISITION
Stock number DBAD/PUB
082 ## - DEWEY DECIMAL CLASSIFICATION NUMBER
Classification number 610.954
245 ## - TITLE STATEMENT
Title Medical pluralism in contemporary India /
Statement of responsibility, etc edited by V.Sujatha [and] Leena Abraham
260 ## - PUBLICATION, DISTRIBUTION, ETC. (IMPRINT)
Place of publication, distribution, etc New Delhi
Name of publisher, distributor, etc Orient Blackswan
Date of publication, distribution, etc 2012
270 ## - ADDRESS
Address 1/24 Asaf Ali Road
City New Delhi
Postal code 110002
300 ## - PHYSICAL DESCRIPTION
Extent xvii,387p.
Dimensions 23cm(Hb)
500 ## - GENERAL NOTE
General note Includes bibliographical references and index
700 ## - ADDED ENTRY--PERSONAL NAME
Personal name Sujatha, V.
700 ## - ADDED ENTRY--PERSONAL NAME
Personal name Abraham, Leena
942 ## - ADDED ENTRY ELEMENTS (KOHA)
Source of classification or shelving scheme Dewey Decimal Classification
Item type English Books
Classification part 610.954
Call number suffix MED
Holdings
Withdrawn status Lost status Not for loan Collection code Home library Current library Date acquired Source of acquisition Cost, normal purchase price Full call number Barcode Copy number Cost, replacement price Koha item type
      Non-fiction Central Library Central Library 05/05/2014 BSB/884/09.03.2013/169/08.03.2013/20.03.2013 695.00 610.954 MED B-505571 1 695.00 English Books
    Not For Loan Non-fiction D.B.Act.Division D.B.Act.Division 18/08/2015 DBAD/PUB 895.00 610.954 MED EN-97394 1 895.00 English Books

© Delhi Public Library
Hit Counter
free hit counter